1301 1420 1432 1021 1950 1033 1296 1747 1157 1127 1879 1438 1295 1184 1502 1676 1982 1855 1899 1266 1728 1143 1285 1012 1665 1568 1587 1834 1641 1146 1477 1947 1917 1872 1679 1663 1438 1431 1697 1166 1583 1906 1741 1051 1756 1525 1020 1691 1273 1753 1700 1359 1222 1862 1232 1281 1762 1987 1925 1885 1236 1914 1882 1193 1166 1107 1362 1004 1256 1504 1893 1305 1971 1156 1329 1576 1450 1822 1092 1487 1962 1125 1060 1909 1996 1806 1197 1543 1402 1063 1740 1296 1128 1522 1133 1480 1604 1419 1735 BCNSPRNW ULIB Ver.6.0+V

เปลี่ยนเป็นภาษาไทย

Change to English
 แสดงรายละเอียดบรรณานุกรม
  กลับหน้าหลัก

Brief Record : Get Marc (ISO 2709) : E-mail record : QR code < ปิดหน้าต่าง
LEADER : 00000nam 2200000uu 4500
001    13399121372
003     ULIB
008    020711s2548 th a 000 0 tha d
020    9749343530
099    ^aวจ.QT225^bก673ร
100    กิตติพร เนาว์สุวรรณ
110    วิทยาลัยบรมราชชนนี นราธิวาส
245    รูปแบบการออกกำลังกายแบบกะลาบิค /^cกิตติพร เนาว์สุวรรณ,พรทิวา คงคุณ,รังสฤษฏ์ แวดือรานม
260    นราธิวาส :^bวิทยาลัยบรมราชชนนี นราธิวาส,^c2548
300    209 หน้า
650    ออกกำลังกาย^xวิจัย
650    กะลาบิค^xวิจัย
700    พรทิวา คงคุณ
700    รังสฤษฏ์ แวดือรานม
710    มหาวิทยาลัยนราธิวาสราชนครินทร์
945    ^p0^l0^i033101
999    ^aวรรณษา ชูชัยมงคล
รายการนี้ยังไม่มีแท็ก
คุณยังไม่ได้ล็อกอิน คุณสามารถมีกิจกรรมร่วมกับเว็บไซต์ได้ แต่ต้องล็อกอินก่อน ::
  ล็อกอิน

รายการสื่อสารสนเทศ

ลำดับที่ ประเภท เลขเรียก/บาร์โค้ด สถานที่ สถานะ
1. งานวิจัย
งานวิจัย
วจ.QT225 ก673ร ฉ.1 
  Barcode: 033101
ห้องสมุดวิทยาเขตสวรรค์ประชารักษ์
►วิจัย
บนชั้น

รายการใกล้เคียง
    ผู้แต่ง [กิตติพร เนาว์สุวรรณ]

BibComment


ยังไม่เคยถูกคอมเมนท์

คอมเมนท์ทรัพยากรรายการนี้
  คอมเมนท์: รูปแบบการออกกำลัง..


 Copyright 2026. Bcnsprnw @Library